| 000 | 00673nam a2200205 4500 | ||
|---|---|---|---|
| 001 | 43505 | ||
| 090 | _a43505 | ||
| 100 | _a20240905 pory50 | ||
| 101 | _apor | ||
| 102 | _aPT | ||
| 200 |
_aNovelas Inquérito _f Ivan Turguenef ... [et al.] |
||
| 210 |
_aLisboa _cEditorial Inquérito _d[19--?] |
||
| 215 | _av. | ||
| 225 |
_aNovelas Inquérito _eAs melhores novelas dos melhores novelistas _v6, 7 , 8 , 9 , 10 |
||
| 327 | _aVol. contêm: Sinaida de Ivan Turguenef (2.º v.) ; Feliz idade por Sigrid Undset ; O Homem que quis ser rei por Rudyard Kipling ; | ||
| 675 | _a821.161.1-32 | ||
| 675 | _a821.113.5-32 | ||
| 675 | _a821.111-32 | ||
| 801 |
_aPT _gRPC |
||
| 990 | _cLIVROS | ||